Normal view
MARC view
Entry Personal Name
001 - CONTROL NUMBER
- control field: 775045
003 - CONTROL NUMBER IDENTIFIER
- control field: OSt
005 - DATE AND TIME OF LATEST TRANSACTION
- control field: 20250508163303.0
008 - FIXED-LENGTH DATA ELEMENTS
- fixed length control field: 250508|| aca||aabn | a|a d
040 ## - CATALOGING SOURCE
- Original cataloging agency: OSt
- Transcribing agency: OSt
100 ## - HEADING--PERSONAL NAME
- Personal name: Saraswat R M
670 ## - SOURCE DATA FOUND
- Source citation: Work cat.: (OSt)1382047: Saraswat R M, Study of the attitudes of trained high school teachers of Aligarh towards their professional training and the students perception of their teachers, 1976
